Loading...
| Current Events | 2 | 20.00 | 100% | 100% | 0% |
| Fine Arts - Classical Music | 5 | 10.00 | 80% | 20% | 0% |
| Fine Arts - Other Fine Arts | 5 | 14.00 | 100% | 40% | 0% |
| Fine Arts - Painting and Sculpture | 4 | 7.50 | 75% | 0% | 0% |
| Geography | 1 | 10.00 | 100% | 0% | 0% |
| History - American History | 5 | 16.00 | 100% | 40% | 20% |
| History - European History | 7 | 27.14 | 186% | 86% | 0% |
| History - Other History | 7 | 15.71 | 100% | 43% | 14% |
| History - World History | 7 | 12.86 | 100% | 29% | 0% |
| Literature - American Literature | 7 | 15.71 | 100% | 43% | 14% |
| Literature - British Literature | 5 | 16.00 | 100% | 40% | 20% |
| Literature - European Literature | 6 | 15.00 | 100% | 50% | 0% |
| Literature - World Literature | 7 | 12.86 | 86% | 43% | 0% |
| Mythology | 5 | 18.00 | 100% | 80% | 0% |
| Other Academic | 2 | 10.00 | 100% | 0% | 0% |
| Philosophy | 7 | 22.86 | 100% | 86% | 43% |
| Pop Culture | 1 | 0.00 | 0% | 0% | 0% |
| Religion | 2 | 10.00 | 100% | 0% | 0% |
| Science - Biology | 6 | 8.33 | 83% | 0% | 0% |
| Science - Chemistry | 7 | 11.43 | 100% | 14% | 0% |
| Science - Other Science | 3 | 13.33 | 100% | 33% | 0% |
| Science - Physics | 3 | 13.33 | 100% | 33% | 0% |
| Social Science | 4 | 15.00 | 100% | 50% | 0% |